00558cam a2200157Ka 4500020002200000020002300022040000800045082002600053100002100079245009200100260007500192300003600267650001400303650002300317710006000340 a9251054096 (pt.1) a925105410X (pt. 2) cAGL a338 FOO 2005 A089 Or.1 aHalls, Ashley S.10aGuidelines for designing data collection and sharing systems for co-managed fisheries / aRome :bFood and Agriculture Organization of the United Nations,c2005 av. :bill. (some col.) ;c30 cm 0aFisheries 0aFishery management2 aFood and Agriculture Organization of the United Nations